The Philosophy of History and Politics/ (Record no. 190010)

MARC details
000 -LEADER
fixed length control field 00562nam a22001817a 4500
005 - DATE AND TIME OF LATEST TRANSACTION
control field 20220715151611.0
010 ## - LCCN (DPL NO)
LC control number ENG-133605
020 ## - INTERNATIONAL STANDARD BOOK NUMBER
International Standard Book Number 9789386049452
Terms of availability 995.00
035 ## - SYSTEM CONTROL NUMBER
System control number EN-117137
037 ## - SOURCE OF ACQUISITION
Source of stock number/acquisition DBAD/PUB
082 ## - DEWEY DECIMAL CLASSIFICATION NUMBER
Classification number 320.1
100 ## - MAIN ENTRY--PERSONAL NAME
Personal name Singh, Sunita
245 ## - TITLE STATEMENT
Title The Philosophy of History and Politics/
Statement of responsibility, etc Sunita Singh
260 ## - PUBLICATION, DISTRIBUTION, ETC. (IMPRINT)
Place of publication, distribution, etc Delhi
Name of publisher, distributor, etc Shivani Book Agency
Date of publication, distribution, etc 2018
270 ## - ADDRESS
Address A-55B, Gali No. 6 Jagatpuri Extn.
City Delhi
Postal code 110093
Electronic mail address shivanibookagency@gamil.com
300 ## - PHYSICAL DESCRIPTION
Extent vii, 292p.
Dimensions 23cm(hb)
942 ## - ADDED ENTRY ELEMENTS (KOHA)
Source of classification or shelving scheme Dewey Decimal Classification
Item type English Books
Classification part 320.1
Call number suffix SUN
Holdings
Withdrawn status Lost status Not for loan Home library Current library Date acquired Source of acquisition Cost, normal purchase price Full call number Barcode Copy number Cost, replacement price Koha item type
    Not For Loan Bawana Bawana 15/07/2022 DBAD/PUB 995.00 320.1 SUN EN-117137 1 995.00 English Books

© Delhi Public Library
Hit Counter
free hit counter